Вып. 93 : Руководство и таблицы для решения прямой и обратной геодезических задач при значительных расстояниях по формулам А. М. Вировца. Элипсоид Красовского; Труды центрального научно-исследовательского института геодезии, аэросъемки и картографии

Bibliographic Details
Parent link:Труды центрального научно-исследовательского института геодезии, аэросъемки и картографии. Вып. 93 : Руководство и таблицы для решения прямой и обратной геодезических задач при значительных расстояниях по формулам А. М. Вировца. Элипсоид Красовского.— , 1932-
Main Author: Багратуни Г. В.
Language:Russian
Published: 1952
Subjects:
Format: MixedMaterials Book
KOHA link:https://koha.lib.tpu.ru/cgi-bin/koha/opac-detail.pl?biblionumber=356468

MARC

LEADER 00000nam2a2200000 4500
001 356468
005 20231102010909.0
035 |a (RuTPU)RU\TPU\retro\13728 
035 |a RU\TPU\retro\13725 
090 |a 356468 
100 |a 20200721d1952 k y0rusy50 ca 
101 0 |a rus 
102 |a RU 
105 |a a z 001zy 
200 0 |a Вып. 93 : Руководство и таблицы для решения прямой и обратной геодезических задач при значительных расстояниях по формулам А. М. Вировца. Элипсоид Красовского  |f Г. В. Багратуни 
210 |d 1952 
215 |a 52 с.  |c ил., карты 
320 |a Библиогр. в конце ст. 
461 1 |0 (RuTPU)RU\TPU\retro\13561  |t Труды центрального научно-исследовательского института геодезии, аэросъемки и картографии  |v Вып. 93 : Руководство и таблицы для решения прямой и обратной геодезических задач при значительных расстояниях по формулам А. М. Вировца. Элипсоид Красовского  |d 1932- 
606 1 |a Геодезия прикладная  |2 stltpush  |3 (RuTPU)RU\TPU\subj\6026  |9 33992 
610 1 |a геодезические задачи 
610 1 |a формулы 
610 1 |a решения 
610 1 |a обратные задачи 
610 1 |a таблицы 
675 |a 669.715  |v 4 
700 1 |a Багратуни  |b Г. В. 
801 1 |a RU  |b 63413507  |c 20160708 
801 2 |a RU  |b 63413507  |c 20200721  |g RCR 
942 |c BK